000 01105nab a22002417a 4500
999 _c6015
_d6015
003 OSt
005 20260116181400.0
008 190605e xxu||||| |||| 00| 0 spa d
040 _cPJ
100 _94574
_aGabet, Emiliano A.
245 1 3 _aEl silencio del trabajador. Límites a su interpretación como aceptación de modificaciones contractuales /
_cEmiliano A. Gabet.
260 _aCiudad Autónoma de Buenos Aires :
_bThomson Reuters La Ley,
_c2025.
300 _ap. 98-103
500 _aCita Online: Cita: TR LALEY AR/DOC/852/2025.
505 _aFallo comentado: CNTrab., sala II ~ 17/02/2025 ~ Leguizamón, Hernán Luis c. Etchegoyen y cía. S.R.L. y otro s/ despido.
505 _t¿Te interesa el texto completo? Solicitalo al correo: koha@justierradelfuego.gov.ar
650 0 _91316
_aDERECHO LABORAL
650 0 _91323
_aCONTRATO DE TRABAJO
650 0 _aRELACIONES LABORALES
_91803
650 0 _aDESPIDO INDIRECTO
_91530
773 0 _02711
_93168
_dCiudad Autónoma de Buenos Aires : Thomson Reuters La Ley, 1999-2002.
_tRevista de derecho del trabajo. Nº 3 - Mayo 2025
942 _2udc
_cANA